| 000 | 02399nam a2200313 4500 | ||
|---|---|---|---|
| 001 | |||
| 003 | DO-SdBNP | ||
| 005 | 20220505102832.0 | ||
| 008 | 010831s2005 dr a b 001 0bspa | ||
| 010 | _a 2001429096 | ||
| 020 | _a9993429201 | ||
| 040 |
_aBPMSU _bspa _cBPMSU _d |
||
| 082 |
_222 _a923.2097293 _bR896C 2005 |
||
| 100 | 1 |
_aCollado, Lipe, _d1947- |
|
| 245 | 1 | 3 |
_aLa impresionante vida de un seductor Porfirio Rubirosa : _bde cómo un dominicano se convirtió en chulo del Jet Set internacional / _cLipe Collado. |
| 246 | 3 | 0 | _aPorfirio Rubirosa |
| 246 | 3 | 0 | _aRubirosa |
| 260 |
_a[Dominican Republic : _bs.n., _c2001] _e(Santo Domingo, República Dominicana : _fEditora Collado) |
||
| 300 |
_a1 v. (various pagings) : _bill. ; _c23 cm. |
||
| 500 | _3Incluye datos biográficos del autor en la solapa de la cubierta | ||
| 504 | _aIncluye bibliografía e índice | ||
| 505 | 0 | _aParte I : Características del Don Juan o Casanova o Playboy 7 -- Magnetismo y misterio de un seductor 11 -- Un chulo exitoso 16 -- Lo que dijeron las mujeres de Rubirosa 23 -- Bajo el signo de acuario 31 -- De polizonte entre las máquinas de un barco 47 -- Rubirosa en el ejército 51 -- Su primera gran seducción 55 -- Matrimonio Rubirosa y flor de oro 63 -- Bienestar y amargura 69 -- Antecedentes del crimen de Bencosme 77 -- El supuesto asesinato de un polaco 83 -- Un deportista nato 87 -- Peregrinaje de un soldado del amor 91 -- Danielle Darrieux 93 -- Doris Duke en las garras del tíguere 99 -- Un zarpazo felino: cae Bárbara Hutton 109 -- Zsa Zsa Gabor: en las redes de Rubirosa 115 -- El afrodisíaco pega palo y Porfirio Rubirosa 121 -- Magnetismo y sexo en Rubirosa 125 -- Porfilio Rubirosa en Cuba 131 -- Circularidad en las vidas de Rubi y Ramfis 137 -- Rubirosa, Ramfis y los Estados Unidos 141 -- El "suicidio" de Porfirio Rubirosa 149 -- El tíquere Rubirosa 155 -- Trujillo y Rubirosa; dos tíqueres 159 -- Anécdotas y decires sobre Rubirosa 167 -- Parte II -- <<Mis memorias>>, por Porfirio Rubirosa 1-127 -- Parte III : Anexos 1-16 -- Cronología de la vida de Porfirio Rubirosa -- Índice Onomásticco. | |
| 590 | _6Inventariado, 2022/VM | ||
| 600 | 1 | 4 |
_aRubirosa, Porfirio, _d1909-1965. _vBiografías |
| 600 | 1 | 4 |
_aRubirosa, Porfirio, _d1909-1965 _xRelaciones con mujeres |
| 650 | 4 |
_aDiplomáticos dominicanos _vBiografías _z |
|
| 910 | _aVMateo V. | ||
| 942 |
_2ddc _cBK |
||
| 999 |
_c14186 _d14186 |
||